000 00249nam a2200121Ia 4500
003 LDD
040 _cLDD
041 _aen
245 0 _aEvaluation Review : to be entered
260 _c1 Feb-31 Jul,2006
362 _a30-30
_b01-Mar
942 _2ddc
_cJ
999 _c179595
_d179595